000 00321nam a2200133Ia 4500
005 20260328101530.0
008 260328s9999||||xx |||||||||||||| ||und||
100 _aKetchum, Morris
245 0 _aShops and Stores /
_cMorris Ketchum
260 _bReinhold
300 _a308 p.
650 _aARQUITECTURA CIVIL
942 _cBK
999 _c9948
_d9948